000 00957nam a2200277Ia 4500
003 OSt
005 20221005084844.0
006 a|||||r|||| 00| 0
007 ta
008 221004b |||||||| |||| 00| 0 eng d
020 _a9780521712446 (pbk)
_c1412.39
024 _a99249
037 _b050, 29/10/2009, Independent Publishers Group
_cTextual
040 _aCRL
_cCRL
_beng
041 _2eng
_aeng
082 _aW,8, P8
100 _aBoin Arjen Ed.
_9613664
245 0 _aGoverning after crisis
_b The politics of investigation, accountability and learning
260 _aNew York
_bCambridge University Press U.S.A
_c2008
300 _axi, 322p.
_ccm.
650 _aPOLITICAL SCIENCE
700 _a Hart Paul 't Ed.
_9477191
700 _a McConnell Allan Ed.
_9613665
942 _hW,8, P8
_cTEXL
_2cc
999 _c993235
_d993235